000 00556nam a2200193Ia 4500
005 20260114185720.0
008 008 260114s9999 xx 000 0 eng d
020 _a9781474210171
037 _aEBOOK
040 _aCRL
_beng
_cCRL
041 _aeng
_2eng
084 _qCRL
100 _aToby Barnard
_9873499
245 0 _aLord Burlington Art, Architecture and Life
260 _bBloomsbury
_c1994
856 _uhttps://doi.org/10.5040/9781474210171?locatt=label:secondary_bloomsburyCollections
942 _cEBOOK
999 _c1472447
_d1472447